کریُتے ہو جو اب راکھ / (Record no. 106474)

MARC details
000 -LEADER
fixed length control field 00798nam a22002537a 4500
005 - DATE AND TIME OF LATEST TRANSACTION
control field 20170123162312.0
010 ## - LIBRARY OF CONGRESS CONTROL NUMBER
LC control number B-200917
020 ## - INTERNATIONAL STANDARD BOOK NUMBER
Terms of availability 125.00
International Standard Book Number 818247218
035 ## - SYSTEM CONTROL NUMBER
System control number B-200917
037 ## - SOURCE OF ACQUISITION
Source of stock number/acquisition Cen Lib/Ret
040 ## - CATALOGING SOURCE
Original cataloging agency DPL
Language of cataloging UR
082 ## - DEWEY DECIMAL CLASSIFICATION NUMBER
Classification number ن
Item number ش ر م
100 ## - MAIN ENTRY--PERSONAL NAME
Personal name شرما، آر.ڈی
9 (RLIN) 831
245 ## - TITLE STATEMENT
Title کریُتے ہو جو اب راکھ /
Statement of responsibility, etc آر ڈی شرما
246 ## - VARYING FORM OF TITLE
Title proper/short title Karyute jo javabe raakh /
Remainder of title by R.D. Sharma
260 ## - PUBLICATION, DISTRIBUTION, ETC. (IMPRINT)
Place of publication, distribution, etc چندیگڑھ
Name of publisher, distributor, etc چندیگڑھ ساہتیہ اکادمی
Date of publication, distribution, etc 2006
270 ## - ADDRESS
Address SCO 57-59,
City چندیگڑھ
Postal code 160017
300 ## - PHYSICAL DESCRIPTION
Extent 96p.
Dimensions 21cm(Hb)
650 ## - SUBJECT ADDED ENTRY--TOPICAL TERM
Topical term or geographic name as entry element اردو ادب
9 (RLIN) 112320
650 ## - SUBJECT ADDED ENTRY--TOPICAL TERM
Topical term or geographic name as entry element اردو ناول
9 (RLIN) 547
650 ## - SUBJECT ADDED ENTRY--TOPICAL TERM
Topical term or geographic name as entry element Urdu literature
9 (RLIN) 112321
650 ## - SUBJECT ADDED ENTRY--TOPICAL TERM
Topical term or geographic name as entry element Urdu novel
9 (RLIN) 112322
942 ## - ADDED ENTRY ELEMENTS (KOHA)
Source of classification or shelving scheme Dewey Decimal Classification
Koha item type Urdu Bks
Classification part ن
Call number suffix ش ر م
Holdings
Withdrawn status Lost status Damaged status Not for loan Home library Current library Date acquired Source of acquisition Cost, normal purchase price Total Checkouts Full call number Barcode Date last seen Copy number Cost, replacement price Price effective from Koha item type
        Central Library Central Library 22/12/2015 Cen Lib/Ret 125.00   ن ش ر م B-200917 22/12/2015 1 125.00 22/12/2015 Urdu Bks

© Delhi Public Library
Hit Counter
free hit counter